书目信息 |
| 题名: |
从杨辉三角谈起
|
|
| 作者: | 华罗庚 著 | |
| 分册: | ||
| 出版信息: | 北京 科学出版社 1956 |
|
| 页数: | 57页 | |
| 开本: | 19cm | |
| 丛书名: | 数学通报丛书1 | |
| 单 册: | ||
| 中图分类: | O1-51 | |
| 科图分类: | ||
| 主题词: | 数学--普及读物 | |
| 电子资源: | ||
| ISBN: | ||
| 000 | 00697nam2 2200265 45 | |
| 001 | 0179003041 | |
| 005 | 20060727080537.85 | |
| 010 | @dCNY0.19 | |
| 091 | @aCN@b13012.0241 | |
| 100 | @a19950725e1956 em y0chiy0121 ea | |
| 101 | 0 | @achi |
| 102 | @aCN@b110000 | |
| 105 | @ay z 000yy | |
| 200 | 10 | @a从杨辉三角谈起@Acong yang hui san jiao tan qi@f华罗庚著 |
| 210 | @a北京@c科学出版社@d1956 | |
| 215 | @a57页@d19cm | |
| 225 | 2 | @a数学通报丛书1@v1 |
| 410 | 0 | @12001 @a数学通报丛书1 |
| 410 | 0 | @120010@a数学小丛书 |
| 606 | @a数学@x普及读物 | |
| 610 | 0 | @a杨辉三角 |
| 690 | @aO1-51@v3 | |
| 701 | 0 | @a华罗庚@Ahua luo geng@4著 |
| 801 | 0 | @aCN@bTSSF@c20060727 |
| 905 | @a10447@dO1-51@e267 | |
| 从杨辉三角谈起/华罗庚著.-北京:科学出版社,1956 |
| 57页;19cm.-(数学通报丛书1;1) |
| ISBN :CNY0.19 |
| ● |
| 相关链接 |
|
|
|
|
正题名:从杨辉三角谈起
索取号:O1-51/267
 
预约/预借
| 序号 | 登录号 | 条形码 | 馆藏地/架位号 | 状态 | 备注 |
| 1 | 0431825 | 204318256 | 密集书库/ [索取号:O1-51/267] | 在馆 | |
| 2 | 0431925 | 204319255 | 密集书库/ [索取号:O1-51/267] | 在馆 |